A Theological Study on the Relationship of God’s Sovereignty and Man’s Free Will in Salvation | (Record no. 7973)

MARC details
000 -LEADER
fixed length control field 00569nam a22001697a 4500
003 - CONTROL NUMBER IDENTIFIER
control field GBCCL
005 - DATE AND TIME OF LATEST TRANSACTION
control field 20241126110640.0
008 - FIXED-LENGTH DATA ELEMENTS--GENERAL INFORMATION
fixed length control field 181122b ||||| |||| 00| 0 eng d
040 ## - CATALOGING SOURCE
Transcribing agency GBC
082 ## - DEWEY DECIMAL CLASSIFICATION NUMBER
Classification number ARCH GBC-2007
Item number NGA
100 ## - MAIN ENTRY--PERSONAL NAME
Personal name Ngaimuankim
9 (RLIN) 13914
245 ## - TITLE STATEMENT
Title A Theological Study on the Relationship of God’s Sovereignty and Man’s Free Will in Salvation |
Statement of responsibility, etc. Ngaimuankim
260 ## - PUBLICATION, DISTRIBUTION, ETC.
Place of publication, distribution, etc. New Lamka:
Name of publisher, distributor, etc. Grace Bible College,
Date of publication, distribution, etc. 2007
300 ## - PHYSICAL DESCRIPTION
Extent vii + 45 p.;
Dimensions 21 x 29 cm.
650 ## - SUBJECT ADDED ENTRY--TOPICAL TERM
Topical term or geographic name entry element Salvation
Form subdivision God's Sovereignty
-- Free will
General subdivision Soteriology
9 (RLIN) 13915
942 ## - ADDED ENTRY ELEMENTS (KOHA)
Source of classification or shelving scheme Dewey Decimal Classification
Koha item type Thesis
Holdings
Withdrawn status Lost status Source of classification or shelving scheme Damaged status Not for loan Home library Current Library Shelving location Date acquired Total checkouts Full call number Barcode Date last seen Copy number Price effective from Koha item type
    Dewey Decimal Classification     GRACE BIBLE COLLEGE GRACE BIBLE COLLEGE Archives 2018-11-22   ARCH GBC-2007 NGA 025094 2025-05-01 c.1 2018-11-22 Thesis
    Dewey Decimal Classification     GRACE BIBLE COLLEGE GRACE BIBLE COLLEGE Archives 2018-11-22   ARCH GBC-2007 NGA 025095 2025-05-01 c.2 2018-11-22 Thesis
© Grace Bible College Library 2025